000 00681nam a2200241Ia 4500
003 OSt
005 20220918173545.0
006 a|||||r|||| 00| 0
007 ta
008 220917b |||||||| |||| 00| 0 eng d
024 _a7,036
037 _cTextual
040 _aARTS
_cARTS
_beng
041 _2eng
_aeng
082 _a2:97, M7 (2D)
100 _aRowley Jennifer E.
_946172
245 0 _aOrganizing knowledge
_b An introduction to information retrievgal
260 _aEngland
_bGower
_c1987
300 _axviii,454p,fig,table
_ccm.
650 _aLIBRARY SCIENCE
942 _h2:97, M7 (2D)
_cTEXL
_2CC
999 _c148987
_d148987